NFL Super Bowl Champions - Statistics

General Stats
  • This quiz has been taken 68 times
  • The average score is 28 of 54
Answer Stats
Year Answer % Correct
2018 New England Patriots
100%
2019 Kansas City Chiefs
98%
2016 New England Patriots
93%
2017 Philadelphia Eagles
88%
2014 New England Patriots
85%
2015 Denver Broncos
83%
2013 Seattle Seahawks
75%
2012 Baltimore Ravens
68%
2010 Green Bay Packers
65%
2011 New York Giants
65%
2008 Pittsburgh Steelers
63%
2004 New England Patriots
60%
2003 New England Patriots
60%
1999 St. Louis Rams
60%
1998 Denver Broncos
58%
2000 Baltimore Ravens
55%
1997 Denver Broncos
55%
1966 Green Bay Packers
55%
1994 San Francisco 49ers
55%
2002 Tampa Bay Buccaneers
55%
2006 Indianapolis Colts
53%
2001 New England Patriots
53%
2005 Pittsburgh Steelers
53%
1995 Dallas Cowboys
50%
1967 Green Bay Packers
50%
2009 New Orleans Saints
50%
2007 New York Giants
50%
1968 New York Jets
50%
1989 San Francisco 49ers
50%
1988 San Francisco 49ers
50%
1985 Chicago Bears
48%
1993 Dallas Cowboys
45%
1992 Dallas Cowboys
45%
1990 New York Giants
45%
1978 Pittsburgh Steelers
45%
1996 Green Bay Packers
43%
1969 Kansas City Chiefs
43%
1983 Los Angeles Raiders
43%
1979 Pittsburgh Steelers
43%
1984 San Francisco 49ers
43%
1975 Pittsburgh Steelers
40%
1986 New York Giants
38%
1974 Pittsburgh Steelers
38%
1991 Washington Redskins
38%
1987 Washington Redskins
38%
1970 Baltimore Colts
35%
1977 Dallas Cowboys
35%
1973 Miami Dolphins
35%
1972 Miami Dolphins
35%
1980 Oakland Raiders
35%
1981 San Francisco 49ers
35%
1971 Dallas Cowboys
33%
1976 Oakland Raiders
33%
1982 Washington Redskins
25%
No matching quizzes found
Score Distribution
Percent of People with Each Score
Percentile by Number Answered
Your Score History
You have not taken this quiz